| 000 | 01456cam a22003494a 4500 | ||
|---|---|---|---|
| 999 |
_c522510 _d522510 |
||
| 001 | 12030739 | ||
| 003 | NUST | ||
| 005 | 20181030111519.0 | ||
| 008 | 000605s2000 nyu b 001 0 eng | ||
| 010 | _a 00044250 | ||
| 020 | _a0743212347 | ||
| 038 | _aArshad | ||
| 040 |
_aDLC _cDLC _dDLC |
||
| 042 | _apcc | ||
| 050 | 0 | 0 |
_aHD69.C6 _bM345 2000 |
| 082 | 0 | 0 |
_a658.46 _bMAI |
| 100 | 1 |
_aMaister, David H. _912403 |
|
| 245 | 1 | 4 |
_aThe trusted advisor / _cDavid H. Maister, Charles H. Green, Robert M. Galford. |
| 260 |
_aNew York : _bFree Press, _c2000. |
||
| 300 |
_axiii, 240 p. ; _c24 cm. |
||
| 504 | _aIncludes bibliographical references (p. 225-227) and index. | ||
| 650 | 0 |
_aBusiness consultants. _912404 |
|
| 700 | 1 |
_aGreen, Charles H., _d1950- _912405 |
|
| 700 | 1 |
_aGalford, Robert M, _d1952- _912406 |
|
| 856 | 4 | 2 |
_3Contributor biographical information _uhttp://www.loc.gov/catdir/bios/simon052/00044250.html |
| 856 | 4 | 2 |
_3Publisher description _uhttp://www.loc.gov/catdir/description/simon032/00044250.html |
| 856 | 4 | 1 |
_3Table of contents only _uhttp://www.loc.gov/catdir/enhancements/fy0631/00044250-t.html |
| 856 | 4 | 1 |
_3Sample text _uhttp://www.loc.gov/catdir/enhancements/fy0641/00044250-s.html |
| 906 |
_a7 _bcbc _corignew _d1 _eocip _f20 _gy-gencatlg |
||
| 942 |
_2ddc _cBK |
||